[Pintura del S.XVII (Record no. 85845)

MARC details
000 -LEADER
campo de control de longitud fija 02334nkc a22002537a 4500
001 - NÚMERO DE CONTROL
campo de control 85845
005 - FECHA Y HORA DE LA ÚLTIMA TRANSACCIÓN
campo de control 20260429125216.0
007 - CAMPO FIJO DE DESCRIPCIÓN FÍSICA--INFORMACIÓN GENERAL
campo de control de longitud fija kh bo
008 - DATOS DE LONGITUD FIJA--INFORMACIÓN GENERAL
campo de control de longitud fija 260429s1920 sp ||||| |||| |0| i|spa d
040 ## - FUENTE DE CATALOGACIÓN
Centro catalogador/agencia de origen M-RABA
Lengua de catalogación spa
Centro/agencia transcriptor M-RABA
245 01 - MENCIÓN DEL TÍTULO
Título [Pintura del S.XVII
Resto del título : Rubens, Zurbarán y Morales]
Medio [Material gráfico]
260 ## - PUBLICACIÓN, DISTRIBUCIÓN, ETC.
Fecha de publicación, distribución, etc. [ca.1920]
300 ## - DESCRIPCIÓN FÍSICA
Extensión 3 fotografías
Otras características físicas : aristotipo
Dimensiones , imagen 22 x 16 cm (medidas máximas)
500 00 - NOTA GENERAL
Nota general Conjunto de 3 fotografías de pinturas del Siglo XVII de los pintores Rubens, Zurbarán y Morales.
500 00 - NOTA GENERAL
Nota general Fot-811: Las tres Virtudes Teologales (Rubens). El cuadro hoy se halla en paradero desconocido . Se cree perdido en la Segunda Guerra Mundial. Anotación manuscrita a tinta en el verso: "0.90 ancho x 1.08 1/2 alto". Nota manuscrita a lápiz en el verso: "Atribuido a Rubens".<br/>Fot-812: San Francisco de Asís recibiendo los estigmas. Nota manuscrita a tinta en el verso: "1,49 alto x 1,76 1/2 ancho". Nota manuscrita a lápiz en el verso: "Atribuido a Zurbarán". Zurbarán ya tienen atribuido un cuadro con este nombre, perteneciente a la colección de subastas de Godoy.<br/>Fot-813: Ecce Homo. El original se encuentra en la sacristía de la Cartuja de Jerez. Nota manuscrita a tinta en el verso: "0,44 ancho x 0,61 alto". Nota manuscrita a lápiz en el verso: "Atribuido a Divino Morales".
500 00 - NOTA GENERAL
Nota general Las fotografías se encuentran acompañadas de un sobre con la inscripción mecanografiada: "Excmo. Sr. Don Javier García de Leaniz". La fecha de las fotografías está tomada de forma aproximada a el ascenso de Javier García como director general de Bellas Artes en 1920.
500 00 - NOTA GENERAL
Nota general La Fot-811 esta nombrada de forma errónea dentro de Colecciones como "Fot-00810".
655 #7 - TERMINO DE INDIZACIÓN--GENERO/FORMA
Datos o término principal de género/forma Fotografías de obras de arte
9 (RLIN) 75675
852 ## - LOCALIZACIÓN
Número de control de estantería Fot-811; Fot-812; Fot-813
856 ## - LOCALIZACIÓN Y ACCESO ELECTRÓNICOS
Identificador Uniforme de Recurso <a href="https://archivoybiblioteca.realacademiabellasartessanfernando.com/cgi-bin/koha/opac-retrieve-file.pl?id=327f93fecfe8645a8910812df1d752b9">https://archivoybiblioteca.realacademiabellasartessanfernando.com/cgi-bin/koha/opac-retrieve-file.pl?id=327f93fecfe8645a8910812df1d752b9</a>
Texto de enlace Fot-811
856 ## - LOCALIZACIÓN Y ACCESO ELECTRÓNICOS
Identificador Uniforme de Recurso <a href="https://archivoybiblioteca.realacademiabellasartessanfernando.com/cgi-bin/koha/opac-retrieve-file.pl?id=7792eb714ca5f537244c9337380c51ec">https://archivoybiblioteca.realacademiabellasartessanfernando.com/cgi-bin/koha/opac-retrieve-file.pl?id=7792eb714ca5f537244c9337380c51ec</a>
Texto de enlace Fot-812
856 ## - LOCALIZACIÓN Y ACCESO ELECTRÓNICOS
Identificador Uniforme de Recurso <a href="https://archivoybiblioteca.realacademiabellasartessanfernando.com/cgi-bin/koha/opac-retrieve-file.pl?id=8210274b67d088d9b72a7379b0107243">https://archivoybiblioteca.realacademiabellasartessanfernando.com/cgi-bin/koha/opac-retrieve-file.pl?id=8210274b67d088d9b72a7379b0107243</a>
Texto de enlace Fot-813
942 ## - ELEMENTOS DE ENTRADA SECUNDARIOS (KOHA)
Tipo de ítem Koha Fotografías
Suprimir en OPAC No
Holdings
Estatus retirado Estado de pérdida Fuente de la clasificación o esquema de estantería Estado de daño No para préstamo Colección Biblioteca de origen Biblioteca actual Ubicación en estantería Fecha de adquisición Total de préstamos Signatura topográfica completa Código de barras Visto por última vez Precio de reemplazo Tipo de ítem Koha
    Clasificación Decimal Dewey     Fotografía Real Academia de la Bellas Artes de San Fernando Real Academia de la Bellas Artes de San Fernando Depósito 2 29/04/2026   Fot-811 1097141 29/04/2026 29/04/2026 Fotografías
    Clasificación Decimal Dewey     Fotografía Real Academia de la Bellas Artes de San Fernando Real Academia de la Bellas Artes de San Fernando Depósito 2 29/04/2026   Fot-812 1097142 29/04/2026 29/04/2026 Fotografías
    Clasificación Decimal Dewey     Fotografía Real Academia de la Bellas Artes de San Fernando Real Academia de la Bellas Artes de San Fernando Depósito 2 29/04/2026   Fot-813 1097143 29/04/2026 29/04/2026 Fotografías

Powered by Koha